Taylor Swift - Debut - Statistiken

Allgemein
  • Dieses Quiz wurde 122 mal gespielt
  • Das Durchschnittsergebnis liegt bei 10 aus 15
Antwortstatistiken
Nein Antwort % Korrekt
1 Tim McGraw
92%
2 Picture To Burn
90%
15 Teardrops on my Guitar (Pop Version)
88%
3 Teardrops On My Guitar (Radio Version)
88%
11 Our Song
82%
10 Mary‘s Song (Oh My My My)
69%
9 Should‘ve Said No
68%
5 Cold as You
65%
4 A Place in this World
60%
13 Invisible
53%
12 I‘m Only Me When I‘m With You
49%
6 The Outside
49%
7 Tied Together with a Smile
49%
14 A Perfectly Good Heart
47%
8 Stay Beautiful
46%
Keine übereinstimmenden Quizze gefunden
Verteilung der Resultate
Anzahl Personen mit jedem Resultat
Perzentil nach korrekt beantworteten Fragen
Ihre Resultats-Entwicklung
Sie haben dieses Quiz noch nicht gespielt